| 000 | 00733cam a2200229 a 4500 | ||
|---|---|---|---|
| 020 | _a9780821373316 | ||
| 020 | _a0821373315 | ||
| 020 | _a9780821373323 (electronic) | ||
| 020 | _a0821373323 (electronic) | ||
| 040 | _cDLC | ||
| 082 | 0 | 0 | _a363 WOR 2007 A019 Or. |
| 100 | 1 | _aBrowder, Greg, | |
| 245 | 1 | 0 |
_aStepping up : _bimproving the performance of China's urban water utilities / |
| 246 | 3 | 0 | _aImproving the performance of China's urban water utilities |
| 260 |
_aWashington, DC : _bWorld Bank, _c2007. |
||
| 300 |
_axxxiv, 176 p. : _bill. ; _c28 cm. |
||
| 650 | 0 | _aWater utilities | |
| 650 | 0 | _aUrban policy | |
| 700 | 1 | _aXie, Shiqing. | |
| 856 | 4 | 1 | _uhttp://www.loc.gov/catdir/toc/ecip0725/2007034616.html |
| 942 | _cEK | ||
| 999 |
_c12169 _d12169 |
||